Asamiya chutigalpa (Record no. 9701)

MARC details
000 -LEADER
fixed length control field 00524cam a2200205ua 4500
001 - CONTROL NUMBER
control field 10745
005 - DATE AND TIME OF LATEST TRANSACTION
control field 20260515114645.0
008 - FIXED-LENGTH DATA ELEMENTS--GENERAL INFORMATION
fixed length control field 190330n ii |||gr||||Z||||||asm
020 ## - INTERNATIONAL STANDARD BOOK NUMBER
International Standard Book Number 9788192317205
040 ## - CATALOGING SOURCE
Transcribing agency MAIN
041 ## - LANGUAGE CODE
Language code of text/sound track or separate title asm
082 ## - DEWEY DECIMAL CLASSIFICATION NUMBER
Classification number 891.4513
245 ## - TITLE STATEMENT
Title Asamiya chutigalpa
Remainder of title oitijya aru bibartan
250 ## - EDITION STATEMENT
Edition statement 1st ed.
260 ## - PUBLICATION, DISTRIBUTION, ETC.
Place of publication, distribution, etc. Jorhat:
Name of publisher, distributor, etc. Jorhat Kendriya Mahavidyalaya publication cell,
Date of publication, distribution, etc. 2012.
300 ## - PHYSICAL DESCRIPTION
Extent 720p.
653 ## - INDEX TERM--UNCONTROLLED
Uncontrolled term Assamese short story
700 ## - ADDED ENTRY--PERSONAL NAME
Personal name Apurba Bora,
Relator term Editor.
942 ## - ADDED ENTRY ELEMENTS (KOHA)
Koha item type Books
Holdings
Withdrawn status Lost status Damaged status Not for loan Home library Current library Shelving location Date acquired Total checkouts Full call number Barcode Date last seen Date last checked out Copy number Price effective from Koha item type
        Naharkatiya College Library Naharkatiya College Library General stacks 09/19/2020 9 891.4513Assamese short story | ASA 24374 02/21/2025 01/27/2025 1 09/19/2020 Books
        Naharkatiya College Library Naharkatiya College Library General stacks 09/19/2020 4 891.4513Assamese short story | ASA 24375 11/29/2022 11/15/2022 2 09/19/2020 Books